Recursos para el acompañamiento de noveles docentes de nivel inicial : ciencias naturales /

Guardado en:
Autor Principal: Kaufmann, Verónica
Formato: Libro
Publicado: Buenos Aires : Instituto Nacional de formación Docente, 200-
Materias:
Etiquetas: Agregar Etiqueta
Sin Etiquetas, Sea el primero en etiquetar este registro!
LEADER 00633nam a22001935a 4500
001 CEM.cems013945
008 130507b200-##################000#0#####d
005 20210705092608.0
003 CEMS
245 1 0 |a Recursos para el acompañamiento de noveles docentes de nivel inicial :  |b ciencias naturales /  |c Verónica Kaufmann 
260 |a Buenos Aires :  |b Instituto Nacional de formación Docente,  |c 200- 
300 |a 23 p. 
590 |a 1084.013 
100 1 |a Kaufmann, Verónica 
653 |a Educación 
653 |a Ciencias naturales 
653 |a Nivel inicial 
653 |a Biblioteca TC 
859 |a CEMS  |b BIB. CEMS - 11 de abril  |h TC  |p 1084.013  |t Ej.1